A geometric approach to free boundary problems

Αποθηκεύτηκε σε:
Λεπτομέρειες βιβλιογραφικής εγγραφής
Κύριος συγγραφέας: Caffarelli, Luis A.
Άλλοι συγγραφείς: Salsa, S.
Μορφή: Βιβλίο
Γλώσσα:English
Δημοσίευση: Providence, RI : American Mathematical Society, 2005
Σειρά:Graduate studies in mathematics ; ; 68
Θέματα:
Ετικέτες: Προσθήκη ετικέτας
Δεν υπάρχουν, Καταχωρήστε ετικέτα πρώτοι!

MARC

LEADER 00000nam a2200000 i 4500
001 1/68420
008 071218s2005 eng d
020 |a 0-8218-3784-2 
035 |l 10093226 
040 |a GR-MY-UA  |b gre  |e aacr 
041 0 |a eng 
082 0 |a 515.35  |2 (22) 
100 1 |a Caffarelli, Luis A. 
245 1 2 |a A geometric approach to free boundary problems /  |c Luis Caffarelli, Sandro Salsa 
260 |a Providence, RI :   |b American Mathematical Society,   |c 2005 
300 |a ix, 270 σ.;  |b εικ.;  |c 26 εκ. 
490 1 |a Graduate studies in mathematics  |v ; 68 
504 |a Περιέχει βιβλιογραφικές παραπομπές (σ. 265-267) και ευρετήριο 
650 0 0 |a Boundary value problems. 
650 0 0 |a Lipschitz spaces. 
700 1 |a Salsa, S. 
830 0 |a Graduate studies in mathematics ;  |v ; 68 
852 |a INST  |b SAMOS  |e 20071218  |h 515.35 CAF  |p 005300027428  |q 005300027428  |t BK  |y 0 
901 |a BIBL3-2007-3 
909 |a Σ  |b 140382 
922 |a 3ΕΛΗ  |b 200711  |c ΕΠΕΑΕΚ2/ΤΜΗΜΑ ΜΑΘΗΜΑΤΙΚΩΝ  |d ΕΛΕΥΘΕΡΟΥΔΑΚΗΣ 
970 |a ΡΟΥΣΣΟΥ  |b ΚΩΝΣΤΑΝΤΙΝΑ  |z 2007/12/18